| 000 | 00382nam a2200145 4500 | ||
|---|---|---|---|
| 999 |
_c9406 _d9406 |
||
| 003 | OSt | ||
| 005 | 20210409164718.0 | ||
| 008 | 210409b ||||| |||| 00| 0 eng d | ||
| 020 | _a9780471719380 | ||
| 082 |
_a691 _bLYN |
||
| 100 | _aLynne Elizabeth | ||
| 245 | _aAlternative construction : contemporary natural building methods | ||
| 260 |
_bWiley and sons _cNew Jersey |
||
| 942 | _2ddc | ||